[Event "1st FIDE OWCCCC Pools-East 2021"]
[Site "Online"]
[Date "2021.02.20"]
[Round "4.40"]
[White "Sahi, Sheelani"]
[Black "Khanna, Vani"]
[Result "0-1"]
[WhiteElo "1005"]
[BlackElo "1214"]
[Annotator "NA"]
[PlyCount "96"]
[EventDate "2021.02.19"]
[EventType "team-tourn"]
[EventCountry "NET"]
[SourceTitle "playchess.com"]
[Source "ChessBase"]
[SourceQuality "1"]

1. d4 Nf6 2. Nf3 d5 3. Nc3 Nc6 4. e3 a6 5. h3 Ne4 6. Nxe4 dxe4 7. Ne5 Nxe5 8. dxe5 Qxd1+ 9. Kxd1 e6 10. Bc4 Be7 11. b3 O-O 12. a3 b5 13. Be2 Bd7 14. Bd2 c5 15. b4 c4 16. f3 Bc6 17. fxe4 Bxe4 18. Bf3 Bxf3+ 19. gxf3 Rad8 20. Kc1 f5 21. Kb1 Rxd2 22. Kc1 Re2 23. a4 Bxb4 24. axb5 Bd2+ 25. Kb2 c3+ 26. Kb3 axb5 27. Ra6 Rxe3 28. Rxe6 Rxf3 29. Rd6 Bf4 30. Rd5 g6 31. Rxb5 Rg3 32. e6 Rb8 33. Kb4 Rxb5+ 34. Kxb5 Kf8 35. Rd1 Re3 36. Rd8+ Ke7 37. Rh8 Rxh3 38. Kc6 Kxe6 39. Re8+ Kf6 40. Kd7 Rh2 41. Re6+ Kg5 42. Rc6 Rxc2 43. Ke7 Re2+ 44. Kf7 c2 45. Kg7 c1=Q 46. Rc2 Qxc2 47. Kxh7 Qc7+ 48. Kg8 Re8# 0-1

[Event "1st FIDE OWCCCC Pools-East 2021"]
[Site "Online"]
[Date "2021.02.20"]
[Round "4.41"]
[White "Bryushinin, Aleksander"]
[Black "Stojadinov, Svetlana"]
[Result "1-0"]
[WhiteElo "1885"]
[BlackElo "2004"]
[Annotator "ChessBase"]
[PlyCount "103"]
[EventDate "2021.02.19"]
[EventType "team-tourn"]
[EventCountry "NET"]
[SourceTitle "playchess.com"]
[Source "ChessBase"]
[SourceQuality "1"]

1. d4 d5 2. c4 c6 3. Nf3 Nf6 4. Nc3 dxc4 5. a4 Bf5 6. Ne5 Nbd7 7. Nxc4 Qc7 8. Qd2 Bg6 9. Qf4 Qxf4 10. Bxf4 Nd5 11. Bd2 Nb4 12. Na3 e5 13. dxe5 Nxe5 14. Rc1 Rd8 15. Bf4 Bd6 16. g3 O-O 17. Bg2 Ned3+ 18. exd3 Nxd3+ 19. Ke2 Bxf4 20. gxf4 Rfe8+ 21. Kf3 Nxc1 22. Rxc1 Rd3+ 23. Kg4 h5+ 24. Kh4 Rd4 25. Kg3 h4+ 26. Kxh4 Rxf4+ 27. Kg3 Rb4 28. Nc2 Rxb2 29. Ne3 b5 30. Bxc6 Re5 31. axb5 Rg5+ 32. Kf4 f6 33. Ncd1 Rb4+ 34. Rc4 Rb1 35. Rd4 Rc5 36. Rd8+ Kh7 37. Rd2 Rcc1 38. h4 Bh5 39. Be4+ Kh6 40. Bxb1 g5+ 41. hxg5+ fxg5+ 42. Kg3 Rxb1 43. Nc3 Rg1+ 44. Kh2 Rc1 45. Ne4 Bg6 46. Rd6 Kh5 47. Nf6+ Kh6 48. Neg4+ Kg7 49. Rd7+ Kf8 50. Rxa7 Rb1 51. Ne5 Bf5 52. Rf7# 1-0

[Event "1st FIDE OWCCCC Pools-East 2021"]
[Site "Online"]
[Date "2021.02.20"]
[Round "4.41"]
[White "Bemarkar, Kiran"]
[Black "Tibor, Both"]
[Result "1-0"]
[WhiteElo "1215"]
[BlackElo "1419"]
[Annotator "NA"]
[PlyCount "109"]
[EventDate "2021.02.19"]
[EventType "team-tourn"]
[EventCountry "NET"]
[SourceTitle "playchess.com"]
[Source "ChessBase"]
[SourceQuality "1"]

1. d4 d5 2. Nf3 Nc6 3. c4 e6 4. Nc3 Bb4 5. cxd5 exd5 6. Bd2 Bf5 7. e3 a6 8. Be2 Nf6 9. Qb3 O-O 10. a3 Bxc3 11. bxc3 b5 12. O-O Ne4 13. Rfd1 Qf6 14. Be1 Qg6 15. Qxd5 Ne7 16. Qe5 c6 17. Qxe7 Rae8 18. Qh4 Nxc3 19. Bxc3 Re4 20. Qg5 Qxg5 21. Nxg5 Ree8 22. Bd3 Bd7 23. Ne4 f5 24. Nc5 Bc8 25. e4 fxe4 26. Bxe4 Re7 27. Re1 Ref7 28. Rf1 Rf4 29. Bxc6 Rg4 30. Bd5+ Kh8 31. Be6 Bxe6 32. Nxe6 Rf6 33. Nc5 Rfg6 34. g3 R4g5 35. Rfe1 h6 36. Re8+ Kh7 37. Ne6 Rf5 38. Nf8+ Rxf8 39. Rxf8 Rc6 40. Bb4 Rc4 41. d5 Rd4 42. Rd8 h5 43. d6 Kg6 44. Re1 Kf6 45. Bc3 Kf7 46. Bxd4 Kg6 47. Rde8 Kh6 48. d7 h4 49. Rh8+ Kg6 50. d8=Q hxg3 51. Qe8+ Kg5 52. Rh5+ Kf4 53. fxg3+ Kf3 54. Re3+ Kg4 55. Qg6# 1-0

[Event "1st FIDE OWCCCC Pools-East 2021"]
[Site "Online"]
[Date "2021.02.20"]
[Round "4.42"]
[White "Kostic, Stefan"]
[Black "Isakov, Andrey"]
[Result "1-0"]
[WhiteElo "1944"]
[BlackElo "2183"]
[Annotator "TA"]
[PlyCount "65"]
[EventDate "2021.02.19"]
[EventType "team-tourn"]
[EventCountry "NET"]
[SourceTitle "playchess.com"]
[Source "ChessBase"]
[SourceQuality "1"]

1. e4 e6 2. d4 d5 3. Nd2 Nf6 4. e5 Nfd7 5. Bd3 c5 6. c3 Nc6 7. Ne2 Be7 8. O-O O-O 9. f4 f6 10. Nf3 a6 11. Be3 Qb6 12. Qc2 f5 13. b3 cxd4 14. Nexd4 Nxd4 15. Nxd4 Nc5 16. Nxf5 exf5 17. b4 Qc7 18. bxc5 Bxc5 19. Bxc5 Qxc5+ 20. Kh1 Be6 21. Rab1 b5 22. a4 Rab8 23. axb5 axb5 24. Rb4 g6 25. Rfb1 Bd7 26. c4 Rfc8 27. Qb2 dxc4 28. Bxc4+ Kf8 29. e6 Bc6 30. Qh8+ Ke7 31. Qg7+ Kd6 32. Rd1+ Bd5 33. Qd7# 1-0

[Event "1st FIDE OWCCCC Pools-East 2021"]
[Site "Online"]
[Date "2021.02.20"]
[Round "4.42"]
[White "Ferencz, Renata"]
[Black "Atkar, Sanjay"]
[Result "0-1"]
[WhiteElo "1075"]
[BlackElo "1570"]
[Annotator "NA"]
[PlyCount "48"]
[EventDate "2021.02.19"]
[EventType "team-tourn"]
[EventCountry "NET"]
[SourceTitle "playchess.com"]
[Source "ChessBase"]
[SourceQuality "1"]

1. e4 c5 2. Nc3 d6 3. Nf3 Nc6 4. b3 Nf6 5. d3 Bg4 6. Qd2 e6 7. a4 Be7 8. Ba3 O-O 9. Be2 h6 10. O-O Rc8 11. Qe3 a6 12. Rab1 Qc7 13. b4 Bxf3 14. Bxf3 Ne5 15. Be2 cxb4 16. Bxb4 Nc6 17. Rbd1 Nxb4 18. Rc1 Qxc3 19. Rfe1 Nxc2 20. Rf1 Nxe3 21. fxe3 Qxc1 22. Kf2 Qb2 23. d4 Nxe4+ 24. Ke1 Qd2# 0-1

[Event "1st FIDE OWCCCC Pools-East 2021"]
[Site "Online"]
[Date "2021.02.20"]
[Round "4.43"]
[White "Teterikov, Andrey"]
[Black "Zelenkovic, Jovan"]
[Result "1-0"]
[WhiteElo "2029"]
[BlackElo "1019"]
[Annotator "NA"]
[PlyCount "91"]
[EventDate "2021.02.19"]
[EventType "team-tourn"]
[EventCountry "NET"]
[SourceTitle "playchess.com"]
[Source "ChessBase"]
[SourceQuality "1"]

1. e4 e6 2. d4 Nc6 3. Nc3 Bb4 4. a3 Bxc3+ 5. bxc3 d5 6. e5 f6 7. f4 fxe5 8. dxe5 Nge7 9. Nf3 Nf5 10. Bd3 g6 11. O-O Qe7 12. a4 d4 13. Bxf5 exf5 14. cxd4 b6 15. d5 Ba6 16. dxc6 Bxf1 17. Qxf1 Qc5+ 18. Qf2 Qxc6 19. Be3 O-O 20. a5 Rab8 21. axb6 cxb6 22. Rxa7 Rbd8 23. h3 Rd7 24. Rxd7 Qxd7 25. Bxb6 Qc6 26. Be3 Rd8 27. Nd4 Qd5 28. Qf3 Qxf3 29. Nxf3 Rd1+ 30. Kf2 Rd7 31. c4 h6 32. c5 Rc7 33. Ke2 g5 34. fxg5 hxg5 35. Nxg5 Rg7 36. Kf3 Re7 37. Kf4 Kg7 38. Kxf5 Kh6 39. Ne6+ Kh5 40. c6 Rf7+ 41. Ke4 Re7 42. Nf4+ Kh4 43. Ng6+ Kg3 44. Nxe7 Kxg2 45. h4 Kg3 46. h5 1-0

[Event "1st FIDE OWCCCC Pools-East 2021"]
[Site "Online"]
[Date "2021.02.20"]
[Round "4.44"]
[White "Domokos, Istvan"]
[Black "Sahasrabudhe, Rajesh"]
[Result "0-1"]
[WhiteElo "1326"]
[BlackElo "1621"]
[Annotator "NA"]
[PlyCount "84"]
[EventDate "2021.02.19"]
[EventType "team-tourn"]
[EventCountry "NET"]
[SourceTitle "playchess.com"]
[Source "ChessBase"]
[SourceQuality "1"]

1. e4 e5 2. Nf3 d6 3. d4 Bg4 4. Be2 Bxf3 5. Bxf3 h6 6. d5 Nf6 7. Kf1 Be7 8. Nc3 c6 9. b4 Qb6 10. a3 Nh7 11. Be3 Qd8 12. b5 Bg5 13. Bxg5 Nxg5 14. Be2 O-O 15. bxc6 bxc6 16. dxc6 Nxc6 17. Qd5 Nd4 18. Bd1 a6 19. f4 Nge6 20. fxe5 dxe5 21. Qxd8 Raxd8 22. Nd5 Ng5 23. Ne7+ Kh8 24. c3 Nde6 25. Bb3 Kh7 26. h4 Nxe4 27. Re1 Ng3+ 28. Kg1 Nxh1 29. Kxh1 Nc5 30. Bc2+ Kh8 31. Rxe5 Ne6 32. Bb3 Kh7 33. Bc2+ Kh8 34. Bb3 Rfe8 35. Nf5 Rb8 36. Nd6 Re7 37. Bc2 Rb2 38. Bf5 Rd2 39. Ne4 Re2 40. Kg1 Re3 41. Rc5 Nxc5 42. Nxc5 R3e5 0-1

[Event "1st FIDE OWCCCC Pools-East 2021"]
[Site "Online"]
[Date "2021.02.20"]
[Round "4.44"]
[White "Tveten, Gry"]
[Black "Wendehenne, Pauline"]
[Result "1-0"]
[WhiteElo "1137"]
[BlackElo "989"]
[Annotator "NA"]
[PlyCount "57"]
[EventDate "2021.02.19"]
[EventType "team-tourn"]
[EventCountry "NET"]
[SourceTitle "playchess.com"]
[Source "ChessBase"]
[SourceQuality "1"]

1. e4 e5 2. Nf3 d6 3. Nc3 Nf6 4. d4 Be7 5. Be3 O-O 6. Qd2 Nc6 7. dxe5 dxe5 8. O-O-O Be6 9. Nd5 Bxd5 10. exd5 Qxd5 11. Qxd5 Nxd5 12. Rxd5 Rad8 13. Bc4 Na5 14. Rxa5 b6 15. Rd5 e4 16. Ne5 Bc5 17. Rhd1 Rd6 18. Bxc5 bxc5 19. Rxc5 Rfd8 20. Rxd6 cxd6 21. Rc7 d5 22. Nxf7 dxc4 23. Nxd8 h6 24. Rxc4 Kh7 25. Rxe4 a5 26. c4 g5 27. c5 h5 28. c6 g4 29. c7 1-0

[Event "1st FIDE OWCCCC Pools-East 2021"]
[Site "Online"]
[Date "2021.02.20"]
[Round "4.46"]
[White "Rishabh Jain"]
[Black "Schafers, Guido"]
[Result "0-1"]
[WhiteElo "1771"]
[BlackElo "1544"]
[Annotator "NA"]
[PlyCount "66"]
[EventDate "2021.02.19"]
[EventType "team-tourn"]
[EventCountry "NET"]
[SourceTitle "playchess.com"]
[Source "ChessBase"]
[SourceQuality "1"]

1. d4 Nf6 2. Bf4 g6 3. e3 Bg7 4. Nf3 O-O 5. Be2 d6 6. Nbd2 Nh5 7. Bg3 Re8 8. c3 Nd7 9. Qb3 c5 10. Ne4 cxd4 11. cxd4 Nxg3 12. hxg3 Nf6 13. Neg5 h6 14. Qxf7+ Kh8 15. Bd3 Rf8 16. Qxg6 Qa5+ 17. Kf1 Kg8 18. Ne6 Bxe6 19. Rxh6 Bf7 20. Qg5 Qxg5 21. Nxg5 Bxh6 22. Nf3 Rac8 23. Ke2 Bc4 24. Rh1 Bxd3+ 25. Kxd3 Kg7 26. Nh4 e6 27. f3 Bg5 28. e4 Bxh4 29. gxh4 Nh5 30. Ke3 e5 31. d5 Rc2 32. g4 Nf4 33. h5 Re2# 0-1

[Event "1st FIDE OWCCCC Pools-East 2021"]
[Site "Online"]
[Date "2021.02.20"]
[Round "4.47"]
[White "Gil Quilez, Sonia"]
[Black "Sharma, Nishtha"]
[Result "1-0"]
[WhiteElo "2159"]
[BlackElo "580"]
[Annotator "TA"]
[PlyCount "57"]
[EventDate "2021.02.19"]
[EventType "team-tourn"]
[EventCountry "NET"]
[SourceTitle "playchess.com"]
[Source "ChessBase"]
[SourceQuality "1"]

1. e4 e5 2. Nf3 Nc6 3. c3 Nf6 4. Bd3 Bc5 5. O-O d6 6. h3 O-O 7. b4 Bb6 8. Na3 Be6 9. c4 d5 10. c5 dxe4 11. Bc4 Bxc4 12. Nxc4 Nxb4 13. Nfxe5 Bxc5 14. Na5 Qd5 15. Bb2 Nd3 16. Qc2 Nxb2 17. Qxb2 Rfd8 18. Qxb7 Qxe5 19. Nc6 Qf4 20. Nxd8 Bd6 21. g3 Qf3 22. Qxa8 h5 23. Ne6+ Kh7 24. Ng5+ Kg6 25. Nxf3 e3 26. dxe3 Ne4 27. Qxe4+ f5 28. Qe6+ Kh7 29. Nh4 1-0

[Event "1st FIDE OWCCCC Pools-East 2021"]
[Site "Online"]
[Date "2021.02.20"]
[Round "4.48"]
[White "Maity, Rupesh"]
[Black "Baader, Matthieu"]
[Result "1-0"]
[WhiteElo "1489"]
[BlackElo "1288"]
[Annotator "NA"]
[PlyCount "69"]
[EventDate "2021.02.19"]
[EventType "team-tourn"]
[EventCountry "NET"]
[SourceTitle "playchess.com"]
[Source "ChessBase"]
[SourceQuality "1"]

1. e4 c5 2. Bc4 Nc6 3. d3 d6 4. Nc3 e5 5. Be3 Be7 6. h3 Nf6 7. Nf3 h6 8. O-O O-O 9. Nd5 Nh7 10. a4 a6 11. c3 Kh8 12. Qd2 f5 13. exf5 Rxf5 14. b4 Bg5 15. bxc5 dxc5 16. Qe2 b6 17. Rab1 Rb8 18. g4 Rf7 19. Nxb6 Bxe3 20. Bxf7 Rxb6 21. Qxe3 Rxb1 22. Rxb1 Ng5 23. Bc4 Ne7 24. Nxe5 Ng8 25. Qxc5 Nf6 26. Qe3 Qc7 27. Ng6+ Kh7 28. Nf8+ Kh8 29. Ne6 Bb7 30. Nxc7 Nf3+ 31. Kf1 Nxg4 32. hxg4 Nh2+ 33. Ke2 Nf3 34. Qe8+ Kh7 35. Rxb7 1-0

[Event "1st FIDE OWCCCC Pools-East 2021"]
[Site "Online"]
[Date "2021.02.20"]
[Round "4.49"]
[White "Anuja, Bombatkar"]
[Black "Agomeri, Gianluca"]
[Result "0-1"]
[WhiteElo "1870"]
[BlackElo "2122"]
[Annotator "TA"]
[PlyCount "64"]
[EventDate "2021.02.19"]
[EventType "team-tourn"]
[EventCountry "NET"]
[SourceTitle "playchess.com"]
[Source "ChessBase"]
[SourceQuality "1"]

1. d4 Nf6 2. c4 e6 3. Nc3 Bb4 4. Qc2 c5 5. e3 Nc6 6. Nf3 O-O 7. Bd3 Bxc3+ 8. bxc3 b6 9. Ba3 d6 10. O-O Bb7 11. e4 h6 12. d5 Ne7 13. Rad1 e5 14. Nh4 Bc8 15. f4 exf4 16. Nf5 Ng4 17. Bc1 Ng6 18. Bxf4 Nxf4 19. Rxf4 Bxf5 20. exf5 Ne3 21. Qe2 Nxd1 22. Qxd1 Qf6 23. Qc2 Rfe8 24. Re4 Rxe4 25. Bxe4 Re8 26. Bd3 Qe5 27. Qd2 Qe1+ 28. Qxe1 Rxe1+ 29. Kf2 Ra1 30. Ke3 Rxa2 31. Be4 a5 32. h3 a4 0-1

[Event "1st FIDE OWCCCC Pools-East 2021"]
[Site "Online"]
[Date "2021.02.20"]
[Round "4.53"]
[White "trijeetxK"]
[Black "Agrawal, Aseem"]
[Result "1-0"]
[WhiteElo "1324"]
[BlackElo "1422"]
[Annotator "NA"]
[PlyCount "61"]
[EventDate "2021.02.19"]
[EventType "team-tourn"]
[EventCountry "NET"]
[SourceTitle "playchess.com"]
[Source "ChessBase"]
[SourceQuality "1"]

1. e4 c5 2. Nf3 d6 3. d4 cxd4 4. Nxd4 Nf6 5. Nc3 a6 6. Be3 g6 7. Bd3 Bg7 8. Qd2 O-O 9. Bh6 Nc6 10. Nf3 b5 11. h4 Bg4 12. a3 Re8 13. Be2 d5 14. Bxg7 Kxg7 15. exd5 Nxd5 16. Qxd5 Qb6 17. Qg5 Bf5 18. h5 f6 19. Qg3 b4 20. Nd5 Qc5 21. Ne3 Bxc2 22. Rc1 b3 23. hxg6 hxg6 24. Nh4 g5 25. Nhf5+ Kg8 26. Qh3 Qa5+ 27. Kf1 Kf7 28. Bc4+ e6 29. Qh5+ Kf8 30. Qh6+ Kf7 31. Qg7# 1-0

[Event "1st FIDE OWCCCC Pools-East 2021"]
[Site "Online"]
[Date "2021.02.20"]
[Round "4.54"]
[White "Lakra, Sumita"]
[Black "Pandey, Ravikant"]
[Result "0-1"]
[WhiteElo "674"]
[BlackElo "1744"]
[Annotator "NA"]
[PlyCount "36"]
[EventDate "2021.02.19"]
[EventType "team-tourn"]
[EventCountry "NET"]
[SourceTitle "playchess.com"]
[Source "ChessBase"]
[SourceQuality "1"]

1. e4 e5 2. Nf3 Nc6 3. Bb5 d6 4. O-O Bd7 5. c3 f5 6. d3 Nf6 7. Bg5 Be7 8. h3 O-O 9. g4 fxg4 10. hxg4 Bxg4 11. Qb3+ Kh8 12. Nh4 Nh5 13. Bxe7 Qxe7 14. Ng2 Bf3 15. Nd2 Bxg2 16. Rae1 Qg5 17. Qd1 Bf3+ 18. Kh2 Qg2# 0-1

[Event "1st FIDE OWCCCC Pools-East 2021"]
[Site "Online"]
[Date "2021.02.20"]
[Round "4.55"]
[White "Pandey, Sheetal"]
[Black "Sardhara, Preet"]
[Result "0-1"]
[WhiteElo "1315"]
[BlackElo "1647"]
[Annotator "NA"]
[PlyCount "60"]
[EventDate "2021.02.19"]
[EventType "team-tourn"]
[EventCountry "NET"]
[SourceTitle "playchess.com"]
[Source "ChessBase"]
[SourceQuality "1"]

1. d4 d5 2. Bf4 Bf5 3. e3 e6 4. a3 Nf6 5. Nc3 a6 6. h3 h6 7. Nf3 Nc6 8. Ne5 Bd6 9. Nxc6 bxc6 10. Bxd6 cxd6 11. Bd3 Ne4 12. O-O O-O 13. Nxe4 dxe4 14. Be2 Qg5 15. Bg4 Bg6 16. f4 exf3 17. Qxf3 h5 18. c3 hxg4 19. Qxg4 Qxg4 20. hxg4 d5 21. b4 a5 22. g5 Bd3 23. Rfe1 g6 24. Kh2 Kg7 25. g3 Be4 26. Kg1 Rh8 27. Kf2 Rh2+ 28. Kg1 Rg2+ 29. Kf1 Rh8 30. Ra2 Rh1# 0-1

[Event "1st FIDE OWCCCC Pools-East 2021"]
[Site "Online"]
[Date "2021.02.20"]
[Round "4.56"]
[White "Gcl, Abhiraman"]
[Black "Rawat, Akhil"]
[Result "1-0"]
[WhiteElo "1519"]
[BlackElo "399"]
[Annotator "NA"]
[PlyCount "43"]
[EventDate "2021.02.19"]
[EventType "team-tourn"]
[EventCountry "NET"]
[SourceTitle "playchess.com"]
[Source "ChessBase"]
[SourceQuality "1"]

1. e4 d5 2. e5 b6 3. d4 Bb7 4. Nf3 g6 5. a3 Bg7 6. Nc3 Nh6 7. h3 Nc6 8. Bb5 O-O 9. O-O Na5 10. b3 c6 11. Bd3 c5 12. Be3 cxd4 13. Bxh6 Bxh6 14. Nxd4 Rc8 15. Nce2 Bg7 16. f4 g5 17. Nb5 gxf4 18. Nxf4 Bxe5 19. Rb1 Bxf4 20. Qh5 Re8 21. Qxh7+ Kf8 22. Qh8# 1-0

[Event "1st FIDE OWCCCC Pools-East 2021"]
[Site "Online"]
[Date "2021.02.20"]
[Round "4.57"]
[White "Tirelli, Cristian"]
[Black "Kaur, Satvinder"]
[Result "1-0"]
[WhiteElo "1499"]
[BlackElo "1152"]
[Annotator "NA"]
[PlyCount "31"]
[EventDate "2021.02.19"]
[EventType "team-tourn"]
[EventCountry "NET"]
[SourceTitle "playchess.com"]
[Source "ChessBase"]
[SourceQuality "1"]

1. d4 e5 2. dxe5 Qe7 3. Nc3 Qxe5 4. Nf3 Qe6 5. e4 Nc6 6. Bd3 Bd6 7. O-O Nf6 8. e5 Bxe5 9. Nxe5 Nxe5 10. Re1 O-O 11. Bf4 Re8 12. Bxe5 d6 13. Bxf6 gxf6 14. Rxe6 fxe6 15. Qh5 Rf8 16. Qxh7# 1-0

[Event "1st FIDE OWCCCC Pools-East 2021"]
[Site "Online"]
[Date "2021.02.20"]
[Round "4.58"]
[White "Maharana Sanjay Kumar"]
[Black "Califano, Tommaso"]
[Result "1-0"]
[WhiteElo "1701"]
[BlackElo "1437"]
[Annotator "NA"]
[PlyCount "73"]
[EventDate "2021.02.19"]
[EventType "team-tourn"]
[EventCountry "NET"]
[SourceTitle "playchess.com"]
[Source "ChessBase"]
[SourceQuality "1"]

1. e4 c5 2. Nc3 d6 3. Nf3 g6 4. d4 cxd4 5. Nxd4 Bg7 6. Be3 a6 7. Bc4 Nf6 8. O-O O-O 9. f4 b5 10. Bb3 b4 11. Nce2 Nxe4 12. c3 a5 13. cxb4 axb4 14. Bc2 f5 15. a3 bxa3 16. bxa3 Ba6 17. Bb3+ Kh8 18. Rc1 h6 19. Ne6 Bxe2 20. Qxe2 Qa5 21. Nxf8 Bxf8 22. Qc4 Nf6 23. Bd4 Nbd7 24. Qf7 Qxa3 25. Bxf6+ Nxf6 26. Qxf6+ exf6 27. Be6 Kh7 28. Kh1 Bg7 29. h3 g5 30. Bxf5+ Kg8 31. fxg5 hxg5 32. Rc7 Ra7 33. Rc8+ Kf7 34. Bg4 Re7 35. Bh5+ Ke6 36. Re1+ Kd7 37. Bg4+ 1-0

[Event "1st FIDE OWCCCC Pools-East 2021"]
[Site "Online"]
[Date "2021.02.20"]
[Round "4.59"]
[White "Sasso, Giulio"]
[Black "Suri Devender Singh"]
[Result "0-1"]
[WhiteElo "1303"]
[BlackElo "2117"]
[Annotator "TA"]
[PlyCount "100"]
[EventDate "2021.02.19"]
[EventType "team-tourn"]
[EventCountry "NET"]
[SourceTitle "playchess.com"]
[Source "ChessBase"]
[SourceQuality "1"]

1. e4 c5 2. Bc4 e6 3. Nc3 a6 4. Nf3 b5 5. Be2 Bb7 6. d3 b4 7. Na4 Bc6 8. c3 Qa5 9. b3 bxc3 10. O-O g6 11. Ne5 Bxa4 12. bxa4 Bg7 13. f4 Qc7 14. Nc4 c2 15. Qxc2 Bxa1 16. Bb2 Bxb2 17. Qxb2 f6 18. e5 f5 19. Rc1 Ne7 20. Nd6+ Kf8 21. d4 Nbc6 22. Rxc5 Kg7 23. Bf3 Rhb8 24. Qc3 Rb1+ 25. Kf2 Rab8 26. Kg3 h5 27. h4 R8b4 28. Ne8+ Kf7 29. Nxc7 Nxd4 30. Rc4 Nec6 31. Bxc6 Ne2+ 32. Kh2 Nxc3 33. Rxc3 dxc6 34. Rxc6 Rb6 35. Rc4 R1b4 36. Rxb4 Rxb4 37. g3 Rxa4 38. Na8 Rxa2+ 39. Kh3 Rb2 40. Nc7 Rb6 41. Kg2 Ke7 42. Kh3 Kd7 43. Nxa6 Rxa6 44. Kg2 Ra3 45. Kh3 Kc6 46. Kg2 Kd5 47. Kh3 Ke4 48. Kg2 Ra2+ 49. Kh3 Kf3 50. g4 hxg4# 0-1

[Event "1st FIDE OWCCCC Pools-East 2021"]
[Site "Online"]
[Date "2021.02.20"]
[Round "4.60"]
[White "Navnidhi Dhankar"]
[Black "Manca, Maria Chiara"]
[Result "1-0"]
[WhiteElo "1066"]
[BlackElo "1267"]
[Annotator "NA"]
[PlyCount "113"]
[EventDate "2021.02.19"]
[EventType "team-tourn"]
[EventCountry "NET"]
[SourceTitle "playchess.com"]
[Source "ChessBase"]
[SourceQuality "1"]

1. d4 g6 2. Nf3 Nf6 3. Bg5 Bg7 4. e3 O-O 5. Bxf6 Bxf6 6. Nc3 d6 7. Bd3 e5 8. d5 c6 9. h4 Bg4 10. Be2 Na6 11. Ng5 Bxe2 12. Qxe2 Nc5 13. Qg4 Qb6 14. b4 Na6 15. a3 c5 16. Nce4 Bg7 17. c3 cxb4 18. axb4 f5 19. Qh3 fxe4 20. Qe6+ Kh8 21. h5 Rae8 22. Nf7+ Kg8 23. Nh6+ Kh8 24. Nf7+ Kg8 25. Qh3 Rxf7 26. hxg6 Bf6 27. gxf7+ Kxf7 28. Qxh7+ Bg7 29. Qf5+ Kg8 30. Qh7+ Kf7 31. Rh6 Qc7 32. Qf5+ Kg8 33. Qh7+ Kf7 34. Ke2 Rh8 35. Qf5+ Kg8 36. Qe6+ Qf7 37. Qc8+ Qf8 38. Qe6+ Qf7 39. Rxh8+ Bxh8 40. Qxd6 Qh5+ 41. Kd2 Qf7 42. Rh1 Qxf2+ 43. Kd1 Qxe3 44. Qd8+ Kf7 45. Rh7+ Kg6 46. Qg8+ Kf5 47. Qe6+ Kg5 48. Qh6+ Kf5 49. Qxe3 Kg6 50. Rxh8 Nc7 51. Qxe4+ Kg7 52. Rh3 Kf6 53. Rh6+ Ke7 54. Qh7+ Kd8 55. Qf7 Ne8 56. Rh8 b5 57. Rxe8# 1-0

[Event "1st FIDE OWCCCC Pools-East 2021"]
[Site "Online"]
[Date "2021.02.20"]
[Round "4.61"]
[White "Husain, S Mazhar"]
[Black "Bialon, Pawel"]
[Result "1-0"]
[WhiteElo "2250"]
[BlackElo "891"]
[Annotator "TA"]
[PlyCount "121"]
[EventDate "2021.02.19"]
[EventType "team-tourn"]
[EventCountry "NET"]
[SourceTitle "playchess.com"]
[Source "ChessBase"]
[SourceQuality "1"]

1. e4 Nf6 2. Nc3 e5 3. Nf3 d6 4. Bc4 g6 5. Ng5 d5 6. exd5 Nxd5 7. Bxd5 Qxg5 8. Qf3 Be6 9. d3 Qf5 10. Qxf5 gxf5 11. Bxe6 fxe6 12. Nb5 Kd8 13. Bg5+ Be7 14. Bxe7+ Kxe7 15. Nxc7 Nc6 16. Nxa8 Rxa8 17. O-O Rg8 18. a3 f4 19. f3 Nd4 20. Rf2 h5 21. Re1 Kf6 22. c3 Nf5 23. Rfe2 Nh4 24. d4 Nxf3+ 25. Kf2 Nxe1 26. Rxe1 Rd8 27. Rxe5 Rd5 28. Re4 Kf5 29. Kf3 e5 30. Rxe5+ Rxe5 31. dxe5 Kxe5 32. h4 b5 33. b3 a5 34. c4 b4 35. axb4 axb4 36. c5 Kd4 37. c6 Kc3 38. c7 Kxb3 39. c8=Q Ka3 40. Qc1+ Ka2 41. Kxf4 b3 42. Kg5 b2 43. Qxb2+ Kxb2 44. Kxh5 Kc3 45. g4 Kc4 46. g5 Kd5 47. g6 Ke6 48. Kh6 Ke7 49. Kh7 Kf6 50. g7 Ke5 51. g8=Q Kf4 52. Qg5+ Ke4 53. Kg6 Kd4 54. h5 Kd3 55. h6 Kc3 56. h7 Kc2 57. h8=R Kc3 58. Qf4 Kd3 59. Rh3+ Kc2 60. Qf2+ Kd1 61. Rh1# 1-0

[Event "1st FIDE OWCCCC Pools-East 2021"]
[Site "Online"]
[Date "2021.02.20"]
[Round "4.62"]
[White "Dahlke, Mariusz"]
[Black "Alrowaiei, Jasim"]
[Result "1-0"]
[WhiteElo "767"]
[BlackElo "1098"]
[Annotator "NA"]
[PlyCount "65"]
[EventDate "2021.02.19"]
[EventType "team-tourn"]
[EventCountry "NET"]
[SourceTitle "playchess.com"]
[Source "ChessBase"]
[SourceQuality "1"]

1. c4 e5 2. Nc3 c6 3. g3 d5 4. d3 d4 5. Ne4 Nf6 6. Bg2 Bf5 7. Bg5 Be7 8. Nxf6+ Bxf6 9. Bxf6 Qxf6 10. e4 Be6 11. Ne2 O-O 12. O-O h6 13. b4 Na6 14. b5 cxb5 15. cxb5 Nc7 16. Qc1 Nxb5 17. Rb1 a6 18. a4 Nd6 19. Qc7 Ba2 20. Rb6 Rfd8 21. Bh3 Rac8 22. Bxc8 a5 23. Nc1 Be6 24. Bxe6 fxe6 25. Rxd6 Rxd6 26. Qxd6 g5 27. Qb8+ Kg7 28. Qxb7+ Kg6 29. Nb3 Qf3 30. Nxa5 Qxd3 31. Nc6 Kf6 32. Nd8 Kg6 33. Qf7# 1-0

[Event "1st FIDE OWCCCC Pools-East 2021"]
[Site "Online"]
[Date "2021.02.20"]
[Round "4.63"]
[White "Al Mukharraq, Fareeda"]
[Black "Adamczyk, Zuzanna"]
[Result "0-1"]
[WhiteElo "350"]
[BlackElo "1907"]
[Annotator "NA"]
[PlyCount "30"]
[EventDate "2021.02.19"]
[EventType "team-tourn"]
[EventCountry "NET"]
[SourceTitle "playchess.com"]
[Source "ChessBase"]
[SourceQuality "1"]

1. e4 c6 2. Bc4 d5 3. Qh5 dxc4 4. Nc3 Nf6 5. Qe5 Nbd7 6. Qd4 Qb6 7. Qxc4 Ng4 8. f3 Nf2 9. Ke2 Nxh1 10. Qxf7+ Kxf7 11. Kd1 Qxg1+ 12. Ke2 Ne5 13. d4 Qf2+ 14. Kd1 Qf1+ 15. Kd2 Nc4# 0-1